|
|
|
|
| LEADER |
00962nam a2200265 a 4500 |
| 001 |
1709 |
| 003 |
BD-DhAAL |
| 005 |
20141124163446.0 |
| 008 |
141124s1982 ii b 000 0 eng |
| 010 |
|
|
|a 82906740
|
| 040 |
|
|
|a DLC
|c DLC
|d DLC
|d BD-DhAAL
|
| 050 |
0 |
0 |
|a HN690.6.A8
|b J34 1982
|
| 082 |
0 |
0 |
|a 301/.09549/2
|2 19
|
| 100 |
1 |
|
|a Jahangir, Burhanuddin Khan.
|9 6171
|
| 245 |
1 |
0 |
|a Rural society, power structure, and class practice /
|c B.K. Jahangir.
|
| 260 |
|
|
|a Dacca :
|b Centre for Social Studies,
|c 1982.
|
| 300 |
|
|
|a 165 p. ;
|c 22 cm.
|
| 504 |
|
|
|a Includes bibliography (p. 158-165.)
|
| 541 |
|
|
|e 1709
|
| 650 |
|
0 |
|a Peasants
|z Bangladesh.
|9 6172
|
| 650 |
|
0 |
|a Social classes
|z Bangladesh.
|9 6173
|
| 651 |
|
0 |
|a Bangladesh
|x Rural conditions.
|9 6174
|
| 942 |
|
|
|2 ddc
|c BK
|
| 999 |
|
|
|c 33115
|d 33115
|
| 952 |
|
|
|0 0
|1 0
|2 ddc
|4 0
|6 301_095492000000000_JAH
|7 0
|9 44201
|a BRACUL
|b BRACUL
|c GEN
|d 2014-11-24
|g 45.00
|l 1
|o 301.095492 JAH
|p 3010001709
|r 2026-03-01
|s 2026-02-22
|t 1
|w 2014-11-24
|y BK
|